| 000 | 00000nas 2200000za 4500 |
| 001 | 9.503576 |
| 003 | CaOODSP |
| 005 | 20230206141833 |
| 007 | cr ||||||||||| |
| 008 | 150406d19982013xxc|| p o||||f| |0fre|d |
| 040 | |aCaOODSP|bfre |
| 043 | |an-cn--- |
| 086 | 1 |aH111-2F-PDF |
| 110 | 1 |aCanada.|bSanté Canada. |bAgence de réglementation de la lutte antiparasitaire. |
| 245 | 10|aPlan stratégique. |
| 246 | 30|aAgence de réglementation de la lutte antiparasitaire plan strategique |
| 264 | 1|aOttawa, Ontario : |bSanté Canada,|c1998-2009. |
| 310 | |aTous les cinq ans |
| 362 | 1 |aParaît depuis 1998-2003; ne paraît plus après 2008-2013. |
| 775 | 08|tStrategic plan.|w(CaOODSP)9.507187 |